Normal view
MARC view
- Llemit , Ralph lawrence G.
Entry Personal Name
001 - CONTROL NUMBER
- control field: 47096
003 - CONTROL NUMBER IDENTIFIER
- control field: OSt
005 - DATE AND TIME OF LATEST TRANSACTION
- control field: 20221214084654.0
008 - FIXED-LENGTH DATA ELEMENTS
- fixed length control field: 221214|| aca||aabn | a|a d
040 ## - CATALOGING SOURCE
- Original cataloging agency: OSt
- Transcribing agency: OSt
100 ## - HEADING--PERSONAL NAME
- Personal name: Llemit , Ralph lawrence G.
670 ## - SOURCE DATA FOUND
- Source citation: Work cat.: (OSt): Llemit , Ralph lawrence G., 186 more schools eyed for F2F classes in davao/, February 23 2022
